Statistiken für Bahnhöfe in Bonn

Klicken Sie hier um das Quiz zu spielen!

Allgemein

  • Dieses Quiz wurde 59 mal gespielt
  • Das Durchschnittsergebnis liegt bei 6 aus 9

Antwortstatistiken

Bahnhof% Korrekt
Hauptbahnhof
96%
Bad Godesberg
90%
Beuel
81%
UN Campus
81%
Mehlem
71%
Duisdorf
58%
Oberkassel
48%
Endenich Nord
38%
Helmholtzstraße
31%

Verteilung der Resultate

Perzentil nach korrekt beantworteten Fragen

Anzahl Personen mit jedem Resultat

Ihre Resultats-Entwicklung

Sie haben dieses Quiz noch nicht gespielt